[Event "Zt"]
[Site "masterchessopen.com Jakarta (Indonesia)"]
[Round "0"]
[White "Li Zunian (CHN)"]
[Black "Qi Jingxuan (CHN)"]
[Result "1-0"]
[WhiteElo "2450"]
[BlackElo "2490"]

1.d4 Nf6 2.c4 e6 3.Nf3 d5 4.g3 Bb4+ 5.Bd2 a5 6.Qc2 Nc6 7.Bg2 dxc4 8.Qxc4 Qd5
9.Qd3 Qe4 10.Qxe4 Nxe4 11.a3 Nxd2 12.Nbxd2 Be7 13.O-O O-O 14.Rac1 Rd8 15.e3
Bd7 16.Ne4 Be8 17.Nc5 b6 18.Nd3 Ra7 19.Rc3 Nb8 20.Rfc1 Na6 21.Nfe5 c5 22.dxc5
Nxc5 23.Nxc5 Bxc5 24.Rd3 Rxd3 25.Nxd3 Bd6 26.Rc8 Kf8 27.Bc6 Re7 28.Kf1 f6
29.Ke2 Kf7 30.Bxe8+ Rxe8 31.Rc6 {#r} 1-0

[Event "Zt"]
[Site "masterchessopen.com Tashkent (Uzbekistan)"]
[Date "2007.10.08"]
[Round "7"]
[White "Kotsur Pavel (KAZ)"]
[Black "Gareev Timur (UZB)"]
[Result "1-0"]
[WhiteElo "2589"]
[BlackElo "2557"]

1.Nf3 e6 2.c4 d5 3.d4 Nf6 4.g3 Bb4+ 5.Bd2 Be7 6.Bg2 O-O 7.O-O Re8 8.Qc2 Nc6
9.Rd1 Ne4 10.Be1 Nb4 11.Qc1 c6 12.a3 Na6 13.Ne5 f5 14.Nd2 Bf6 15.Ndf3 Bd7
16.Nd3 c5 17.cxd5 Ba4 18.dxe6 Bxd1 19.Qxd1 cxd4 20.Bh3 g6 21.g4 fxg4 22.Bxg4
Qd5 23.Nb4 Nxb4 24.axb4 Kh8 25.Ra5 b5 26.Qd3 Nd6 27.Ra6 Rad8 28.Nd2 Nc4 29.Ne4
Be7 30.Qb1 Qb7 31.Ra1 Rf8 32.Bh3 Qb6 33.Qc1 Rd5 34.b3 Rh5 35.Bg2 Ne5 36.Nc5
Qd6 37.h3 Qc7 38.Ra6 Rhf5 39.Qa1 Bxc5 40.bxc5 Qxc5 41.Rxa7 Re8 42.Qa5 Rxe6
43.Rc7 Qf8 44.Qa7 d3 45.e3 Rf7 46.f4 Rxc7 47.Qxc7 Nf7 48.Qc3+ Kg8 49.Qxd3 Qc5
50.Kf2 Rd6 51.Qe4 Rd8 52.Bf1 Rc8 53.Bd3 Qh5 54.Qe6 Rd8 55.Bc3 Qh4+ 56.Kg2 Rb8
57.Bxb5 Qh5 58.Qf6 Qd5+ 59.Kf2 Ne5 60.Bc4 {#r} 1-0

[Event "Zt"]
[Site "masterchessopen.com Tashkent (Uzbekistan)"]
[Date "2009.06.22"]
[Round "9"]
[White "Dzhumadaev Ruslan (RUS)"]
[Black "Tologontegin Semetey (KGZ)"]
[Result "1-0"]
[WhiteElo "2261"]
[BlackElo "2367"]

1.Nf3 d5 2.d4 Nf6 3.c4 e6 4.g3 Bb4+ 5.Bd2 Be7 6.Bg2 c6 7.Qc2 Nbd7 8.O-O O-O
9.Rd1 b6 10.b3 Bb7 11.Nc3 Rc8 12.e4 dxe4 13.Nxe4 c5 14.Nxf6+ Nxf6 15.dxc5 bxc5
16.Bc3 Qb6 17.Ng5 g6 18.Bxb7 Qxb7 19.h4 Rfd8 20.Re1 Ne8 21.Ne4 Bf8 22.Rad1 Qc7
23.h5 Rxd1 24.Qxd1 Qe7 25.Qa1 Qd7 26.Kg2 Qb7 27.f3 Qe7 28.hxg6 fxg6 29.g4 h6
30.Qb2 Qf7 31.Qd2 Rd8 32.Qe3 Qc7 33.Ng5 {#r} 1-0